| 000 | 00572nam a22002057a 4500 | ||
|---|---|---|---|
| 003 | OSt | ||
| 005 | 20140310182849.0 | ||
| 008 | 130619t xxu||||| |||| 00| 0 eng d | ||
| 020 | _a9780750669542 | ||
| 050 |
_aT 55 _b.H893 2008 |
||
| 082 |
_aM 363.110941 _bH894 2008 |
||
| 245 |
_aEasy guide to health and safety / _cHughes, Phil |
||
| 260 |
_aOxford, UK : _bButterworth-Heinemann, _c2008. |
||
| 300 |
_avii, 276 p. : _bill. col. ; _c23 cm. |
||
| 521 | _acollege students | ||
| 526 | _c1210L-1700L | ||
| 541 | _j1 | ||
| 562 | _e1 | ||
| 942 |
_2lcc _cBK _kM |
||
| 999 |
_c16963 _d16963 |
||